Epic: The Musical - Full Speed Ahead - Statistics

General Stats
  • This quiz has been taken 5 times
  • The average score is 237 of 342
Answer Stats
Hint Answer % Correct
a
100%
ahead
100%
ahead~
100%
ahead!
100%
an
100%
full
100%
Full
100%
I
100%
is
100%
speed
100%
the
100%
Crew: The
100%
You
100%
alive
67%
Odysseus: And
67%
and
67%
and-
67%
away
67%
back
67%
between
67%
big
67%
birds
67%
burn
67%
but
67%
can
67%
Eurylochus: | Polites: Captain!
67%
captain
67%
Crew: Captain
67%
command
67%
command!
67%
depleted
67%
distance
67%
don't
67%
eat
67%
faintly
67%
feed
67%
feels
67%
fire
67%
fire,
67%
first
67%
fly!
67%
food
67%
food,
67%
for
67%
gear
67%
Odysseus: Give
67%
glows
67%
go
67%
have
67%
here
67%
hundred
67%
hunt
67%
if
67%
I'll
67%
in
67%
island
67%
it
67%
Ithaca's
67%
Crew: It's
67%
kingdom
67%
know
67%
knows
67%
land!
67%
lead
67%
let's
67%
lies
67%
light
67%
Polites: Look!
67%
Crew: Make
67%
make
67%
Maybe
67%
me!~
67%
me
67%
men,
67%
men
67%
mouths
67%
my
67%
Odysseus: My
67%
no
67%
Odysseus: No
67%
not
67%
Odysseus: Now
67%
of
67%
off,
67%
off
67%
our
67%
out
67%
Odysseus: Penelope's
67%
people
67%
place
67%
plan?
67%
Odysseus: Polites!
67%
Polites
67%
problem's
67%
raid
67%
return
67%
run
67%
say
67%
sea,
67%
second
67%
Crew: Second
67%
see
67%
share
67%
Crew: | Eurylochus: | Odysseus: Six
67%
six
67%
smoke
67%
So
67%
some
67%
Odysseus: Something
67%
stores
67%
strike
67%
sunrise
67%
that
67%
Then
67%
Odysseus: There
67%
there's
67%
Crew: | Odysseus: They
67%
they'll
67%
they're
67%
this
67%
'til
67%
time
67%
to
67%
under
67%
up,
67%
up
67%
us
67%
wait
67%
waiting!
67%
waiting~
67%
waiting
67%
war,
67%
Crew: | Odysseus: Watch
67%
we
67%
We
67%
we'll
67%
Crew: | Eurylochus: | Odysseus: We're
67%
we're
67%
we've
67%
what
67%
what's
67%
where
67%
who
67%
whole
67%
will
67%
With
67%
with
67%
dead
33%
ends
33%
Crew: Eurylochus
33%
find
33%
goal
33%
homeland
33%
lighting
33%
miles
33%
mind
33%
one
33%
open
33%
supplies
33%
way
33%
Crew: Curse
0%
only
0%
reasons
0%
should
0%
take
0%
try
0%
No matching quizzes found
Score Distribution
Percent of People with Each Score
Percentile by Number Answered
Your Score History
You have not taken this quiz